| 000 | 00834nam a22001457a 4500 | ||
|---|---|---|---|
| 003 | LRUA | ||
| 005 | 20200715100912.0 | ||
| 008 | 200715b xxu||||| |||| 00| 0 eng d | ||
| 040 | _cRUA | ||
| 082 | _aAGR HOU 2018 B433 Or.1 | ||
| 100 |
_914272 _aHOUN OUDDOM,ហួន ឧត្តម |
||
| 245 | _asoil aggregate stability and aggregate associated organic carbon in maize-based conservation agriculture cropping systems ,ស្ថិរភាពអាហ្រ្តីហ្គេត និងការបូនសរីរាង្គក្នុងអាហ្រ្គីហ្គេតដី ក្នុងប្រព័ន្ធដាំដុះដំណាំតាមកសិកម្មអភិរក្សដែលមានពោតជាមួលដ្ឋាន | ||
| 260 |
_aviii;27p; _bill; _c29cm; |
||
| 942 |
_2ddc _cAGR |
||
| 999 |
_c19247 _d19247 |
||